000 00662nam a22002057a 4500
003 OSt
005 20260306031901.0
008 260306b |||||||| |||| 00| 0 eng d
020 _a13 : 978-0-324-42281-8.
040 _aDWC-Main lib
_cOC
082 _aCirc. 658.8 H251i 2007
100 _aHanson, Ward A.
245 _aInternet marketing and e-commerce/
_cHanson A. Ward
260 _aUSA :
_bThomson Higher Education,
_cc2007.
300 _axiii, 642 p. :
_bcol. ill. ;
_c 23 cm.
504 _aIncludes bibliographical references and index.
650 _a1. Electronic commerce.
650 _a2. Internet marketing.
942 _2ddc
_cBK-CIRC
_kCirc.
_n0
999 _c8674
_d8674